• 首页
  • 本馆介绍
  • 公告通知
  • 最新文献
  • 馆藏检索
  • 电子资源
  • 读者导购
  • 参考咨询
  • 我的图书馆
  • 登录
  • 详细信息显示
  • 放入我的书架
  • 预约/预借图书
  • 作者相关作品
  • 分类相关作品
  • 丛书相关作品
  • 出版社相关作品

书目信息

  • 表格格式
  • 工作单格式
  • 卡片格式
题名:
食品工艺学
    
 
作者: 白宝兰 , 刘妍 , 李想 主编
分册:  
出版信息: 北京   北京工业大学出版社  2017
页数: 341页
开本: 26cm
丛书名:
单 册:
中图分类: TS201.1
科图分类:
主题词: 食品工艺学--高等学校--教材
电子资源:
ISBN: 978-7-5639-5320-2
000 00912nam0 2200265 450
001 012001000476
005 20131106101210.0
010    @a978-7-5639-5320-2@dCNY48.00
100    @a20181129d2017 em y0chiy50 ea
101 0  @achi
102    @aCN@b110000
105    @aa z 000yy
106    @ar
200 1  @a食品工艺学@Ashi pin gong yi xue@f白宝兰,刘妍,李想主编
210    @a北京@c北京工业大学出版社@d2017
215    @a341页@c图@d26cm
300    @a普通高等院校“十三五”精品规划教材
330    @a本书共分十章,内容包括:肉品加工技术、蛋品加工技术、大豆制品加工工艺、调味品工艺、糖果加工工艺、饮料工艺学、乳制品加工工艺、食品加工三废处理及利用等。
606 0  @a食品工艺学@x高等学校@j教材
690    @aTS201.1@v5
701  0 @a白宝兰@Abai bao lan@4主编
701  0 @a刘妍@Aliu yan@4主编
701  0 @a李想@Ali xiang@4主编
801  0 @aCN@b北京卓展文化@c20191020
905    @b1196224-5@dTS201.1@e302@f2
    
    食品工艺学/白宝兰,刘妍,李想主编.-北京:北京工业大学出版社,2017
    341页:图;26cm
    普通高等院校“十三五”精品规划教材
    
    ISBN 978-7-5639-5320-2:CNY48.00
    本书共分十章,内容包括:肉品加工技术、蛋品加工技术、大豆制品加工工艺、调味品工艺、糖果加工工艺、饮料工艺学、乳制品加工工艺、食品加工三废处理及利用等。
●
相关链接 在E读中查询图书 在五车中查询图书 在当当中查询图书 在豆瓣中查询图书


正题名:食品工艺学     索取号:TS201.1/302         预约/预借

序号 登录号 条形码 馆藏地/架位号 状态 备注
1 1196224   211962241   第二样本阅览室/ [索取号:TS201.1/302] 在馆    
2 1196225   211962250   第三借阅区/ [索取号:TS201.1/302] 在馆    
唐山师范学院图书馆 欢迎您!
大连网信软件有限公司© 版权所有